| 000 | 00818 a2200265 4500 | ||
|---|---|---|---|
| 003 | CBULib | ||
| 005 | 20250612090908.0 | ||
| 008 | 241017b |||||||| |||| 00| 0 eng d | ||
| 020 | _a9780323227933 | ||
| 040 |
_bEnglish _cCBULib _erda |
||
| 041 | _aeng | ||
| 050 | _aSF 761 Col | ||
| 100 | _aColville, Thomas | ||
| 245 |
_aClinical anatomy and physiology for veterinary technicians _c/ by Thomas Colville and Joanna M. Bassert |
||
| 250 | _aThird edition | ||
| 260 |
_bElsevier, _c2016 _aMissouri : |
||
| 300 | _axvii, 634 pages : illustrations | ||
| 336 |
_2rdacontent _aText | _btxt |
||
| 337 |
_2rdamedia _aUnmediated | _bn |
||
| 338 |
_2rdacarrier _aVolume _bnc |
||
| 650 | 0 |
_91630 _aVETERINARY ANATOMY |
|
| 650 | 0 |
_91631 _aVETERINARY PHYSIOLOGY |
|
| 700 |
_93745 _aBasssert, Joanna M |
||
| 942 |
_2lcc _c002 |
||
| 999 |
_c85655 _d85655 |
||